000 00358nam a22001217a 4500
082 _a425
_bJOS/G
100 _aRAMA JOSHI, IL WANCHOO, NEELAM BAJAJ
245 _aGOYALS ASSIGNMENTS IN COMMUNICATIVE ENGLISH GRAMMAR
_bFOR CLASS IX
260 _aDELHI
_bGOYAL BROTHERS PRAKASHAN
_c2010
300 _a163
650 _aENGLISH GRAMMAR FOR CLASS IX
_zINDIA
942 _cBK
999 _c855
_d855